000 00490nam a2200193Ia 4500
003 OSt
005 20221005114839.0
006 a|||||r|||| 00| 0
007 ta
008 221004b |||||||| |||| 00| 0 eng d
024 _a112821
037 _cTextual
040 _aCRL
_cCRL
_beng
041 _2eng
_aeng
100 _aShukla B Prasasd
_9626669
245 0 _aBhagwati Charan Verma Ke Upanyaso mein yug Chetna
942 _cTEXL
_2cc
999 _c1032635
_d1032635